000 00433nam a2200145Ia 4500
008 240729s9999 xx 000 0 und d
022 _a2345-2250
245 0 _aIranian Journal of Diabetes and Obesity
260 _aIran, Islamic Republic of
260 _bShahid Sadoughi University of Medical Sciences
650 _aMedicine
856 _uhttps://doaj.org/toc/244819cdef8c4d02aced7cf93824270c
942 _2ddc
942 _cDOAJEJ
999 _c70319
_d70319
945 _a1
_bMadushi Gamage
_c1
_dMadushi Gamage